[Event "Foment Martinenc op-C 17th"]
[Site "Barcelona"]
[Date "2015.05.30"]
[Round "6"]
[White "Llados Masllorens, Josep"]
[Black "Amirkhyan, Mane"]
[Result "1/2-1/2"]
[WhiteElo "1668"]
[BlackElo "1718"]
[PlyCount "87"]
[EventDate "2015.04.25"]
[EventType "swiss"]
[EventRounds "9"]
[EventCountry "ESP"]
[SourceTitle "EXT 2017"]
[Source "ChessBase"]
[SourceDate "2016.10.25"]
[SourceVersion "1"]
[SourceVersionDate "2016.10.25"]
[SourceQuality "1"]

1. Nf3 d5 2. d4 Nc6 3. Bf4 Bf5 4. e3 Nf6 5. h3 e6 6. c3 Bd6 7. Bh2 0-0 8. Qb3 Rb8 9. Nbd2 Ne4 10. Nxe4 Bxe4 11. Be2 f6 12. 0-0 e5 13. c4 dxc4 14. Bxc4+ Kh8 15. dxe5 fxe5 16. Nd2 Bf5 17. e4 Nd4 18. Qd3 Bd7 19. Nb3 Qg5 20. Nxd4 exd4 21. Bxd6 cxd6 22. Bd5 Rf4 23. Qg3 Qxg3 24. fxg3 Rxf1+ 25. Kxf1 Bb5+ 26. Ke1 Bc6 27. Rd1 Bxd5 28. exd5 Rc8 29. Rxd4 Rc2 30. Rd2 Rc5 31. Re2 Kg8 32. Rd2 Rb5 33. Ke2 Kf7 34. Kd3 Rxd5+ 35. Ke2 Rxd2+ 36. Kxd2 Ke6 37. Ke3 Kd5 38. Kd3 b5 39. b4 Ke5 40. Ke3 g5 41. g4 Kf6 42. Kd4 Ke6 43. g3 Kf6 44. Kd5 1/2-1/2

[Event "Foment Martinenc op-C 17th"]
[Site "Barcelona"]
[Date "2015.05.23"]
[Round "5"]
[White "Amirkhyan, Mane"]
[Black "Cruz Jimenez, Miguel"]
[Result "0-1"]
[WhiteElo "1718"]
[BlackElo "1804"]
[PlyCount "106"]
[EventDate "2015.04.25"]
[EventType "swiss"]
[EventRounds "9"]
[EventCountry "ESP"]
[SourceTitle "EXT 2017"]
[Source "ChessBase"]
[SourceDate "2016.10.25"]
[SourceVersion "1"]
[SourceVersionDate "2016.10.25"]
[SourceQuality "1"]

1. e4 c5 2. Nf3 d6 3. Bc4 Nf6 4. Nc3 Nc6 5. d3 a6 6. a4 Bg4 7. h3 Bd7 8. Be3 e6 9. 0-0 Be7 10. d4 cxd4 11. Nxd4 0-0 12. Bb3 Qc7 13. Qf3 Rfe8 14. Nde2 Ne5 15. Qg3 Bc6 16. f3 d5 17. exd5 exd5 18. Nd4 Bd7 19. Bxd5 Bd6 20. f4 Ng6 21. Qf3 Rab8 22. Rae1 Bb4 23. Bd2 Bxc3 24. Rxe8+ Bxe8 25. bxc3 Nxd5 26. Qxd5 Bxa4 27. f5 Ne7 28. Qf3 Bc6 29. Qg4 Bd7 30. Qh4 Nd5 31. Bf4 Nxf4 32. Rxf4 f6 33. g3 Qxc3 34. Rg4 Re8 35. Re4 Rxe4 36. Qxe4 Qxg3+ 37. Kf1 Qxh3+ 38. Ke1 Qg3+ 39. Kd1 Qg1+ 40. Kd2 h6 41. Ne2 Qg5+ 42. Nf4 Bxf5 43. Qe8+ Kh7 44. Qe3 b5 45. c3 a5 46. Kc1 a4 47. Kb2 Bg6 48. Ka3 Qf5 49. Qc1 Qc5+ 50. Kb2 b4 51. c4 b3 52. Ka1 a3 53. Nxg6 b2+ 0-1